Designing Human Interface in Speech Technology

Designing Human Interface in Speech Technology bridges a gap between the needs of the technical engineer and cognitive researchers working in the multidisciplinary area of speech technology applications. The approach is systematic and the focus is on the utility of developing and designing speech re...

Πλήρης περιγραφή

Λεπτομέρειες βιβλιογραφικής εγγραφής
Κύριος συγγραφέας: Chen, Fang (Συγγραφέας)
Συγγραφή απο Οργανισμό/Αρχή: SpringerLink (Online service)
Μορφή: Ηλεκτρονική πηγή Ηλ. βιβλίο
Γλώσσα:English
Έκδοση: Boston, MA : Springer US, 2006.
Θέματα:
Διαθέσιμο Online:Full Text via HEAL-Link
LEADER 03085nam a22004695i 4500
001 978-0-387-24156-2
003 DE-He213
005 20151204172353.0
007 cr nn 008mamaa
008 100301s2006 xxu| s |||| 0|eng d
020 |a 9780387241562  |9 978-0-387-24156-2 
024 7 |a 10.1007/b104643  |2 doi 
040 |d GrThAP 
050 4 |a QA76.9.U83 
050 4 |a QA76.9.H85 
072 7 |a UYZG  |2 bicssc 
072 7 |a COM070000  |2 bisacsh 
082 0 4 |a 005.437  |2 23 
082 0 4 |a 4.019  |2 23 
100 1 |a Chen, Fang.  |e author. 
245 1 0 |a Designing Human Interface in Speech Technology  |h [electronic resource] /  |c by Fang Chen. 
264 1 |a Boston, MA :  |b Springer US,  |c 2006. 
300 |a XXIV, 382 p.  |b online resource. 
336 |a text  |b txt  |2 rdacontent 
337 |a computer  |b c  |2 rdamedia 
338 |a online resource  |b cr  |2 rdacarrier 
347 |a text file  |b PDF  |2 rda 
505 0 |a Basic Neuropsychology -- Attention, Workload and Stress -- Design Analysis -- Usability Design and Evaluation -- Human Factors in Speech Interface Design -- The Usability of Spoken Dialogue System Design -- In-Vehicle Communication System Design -- Speech Technology in Military Application. 
520 |a Designing Human Interface in Speech Technology bridges a gap between the needs of the technical engineer and cognitive researchers working in the multidisciplinary area of speech technology applications. The approach is systematic and the focus is on the utility of developing and designing speech related products. Included is coverage of topics such as neuroscience on the multimodal cortex, cognitive theories on multi-task performance, stress and workload, as well as human information process theory and ecological interface design theory for evaluating speech-related human-system interfaces. Of special emphasis are topics such as spoken dialogue system design, in-vehicle communication system design and speech technology in military applications. Also included are tools on how to analyze the design, different design theories and process, methods about how to understand users. The material systematically describes the user-center design process and usability evaluation methods. Designing Human Interface in Speech Technology is appropriate for designers, engineers, and decision makers working in the area of speech technology research. It is also a good text book for senior university students and postgraduate students in the respective interaction design areas. 
650 0 |a Computer science. 
650 0 |a User interfaces (Computer systems). 
650 0 |a Application software. 
650 1 4 |a Computer Science. 
650 2 4 |a User Interfaces and Human Computer Interaction. 
650 2 4 |a Signal, Image and Speech Processing. 
650 2 4 |a Computer Appl. in Social and Behavioral Sciences. 
710 2 |a SpringerLink (Online service) 
773 0 |t Springer eBooks 
776 0 8 |i Printed edition:  |z 9780387241555 
856 4 0 |u http://dx.doi.org/10.1007/b104643  |z Full Text via HEAL-Link 
912 |a ZDB-2-SCS 
950 |a Computer Science (Springer-11645)